Drapeaux de pays du monde #2 - Statistiques

Statistiques générales
  • Ce quiz a été pris 369 fois
  • Le résultat moyen est 15 sur 18
Statistiques - réponses
Par images Réponse % Correct
Grèce
100%
Chine
99%
Suède
99%
Norvège
98%
Finlande
94%
Albanie
93%
Chypre
93%
Danemark
91%
Vietnam
90%
Géorgie
89%
Islande
89%
Malte
86%
Cameroun
80%
Kosovo
77%
République Dominicaine
62%
Burkina Faso
59%
Tonga
43%
Birmanie
41%
Aucun quiz correspondant
Distribution des résultats
% des personnes avec chaque résultat
Percentile par nombre de réponses
Votre historique - résultats
Vous n’avez pas pris ce quiz